000 00566nam a2200241Ia 4500
003 OSt
005 20221005123702.0
006 a|||||r|||| 00| 0
007 ta
008 221004b |||||||| |||| 00| 0 san d
024 _a43335
037 _cTextual
040 _aCRL
_cCRL
_bsan
041 _2san
_asan
082 _aO15:1B2, H6
100 _aVyasa
245 0 _aMahabharata
260 _c1946
650 _a ENGLISH LITERATURE
650 _aSANSKRIT LITERATURE
942 _hO15:1B2, H6
_cTEXL
_2cc
999 _c1048148
_d1048148